000 00547nam a22002057a 4500
003 OSt
005 20160715152522.0
008 160715b xxu||||| |||| 00| 0 eng d
020 _a9780340941683
040 _cDNLM.
082 _aWBK8375 2009.
100 _aKonje,C.Justin;
_910232
245 _aSAQs,MCQs,EMQs& OSCEs for MRCOG part2.
_bA comprehensive Guide.
250 _a2nd ed.
260 _aUK.
_bHodeder Arnold.
_c2009.
300 _axi,573p;
_bill;
_c25cm.
504 _aincludes index.
650 _aMedicine.
_9324
942 _2z
_cO_SHELF
999 _c4754
_d4754